Guardians of the Galaxy Characters By Picture Quiz Stats

 Plays Quiz not verified by Sporcle

Score 0/45 Timer 12:00
1 Play Today
% Correct
Star-Lord
98.5%
Rocket Raccoon
97.5%
Groot
97.5%
Drax the Destroyer
91.7%
Gamora
90.5%
Thanos
71.2%
Iron Man
68.7%
Nova (Richard Rider)
65.8%
The Avengers
61.4%
Fantastic Four
60.9%
Ronan the Accuser
60.7%
Agent Venom (Flash Thompson)
60.4%
X-Men
60%
Adam Warlock
57%
Nova Corps
54.7%
Yondu
49.5%
Mantis
44.9%
Skrull
43.3%
Cosmo the Spacedog
42.2%
The Collector
42.1%
Annihilators
40.8%
Nebula
33.2%
Moondragon
29.9%
% Correct
Pyla-Vell
29.6%
Taserface
28.4%
Brood
28%
Angela
26.1%
Bug
23.1%
Major Victory
22.8%
Blastaar
21.3%
Kree
19.1%
Starhawk
17.8%
The Magus
15.7%
Jack Flagg
14.7%
Charlie 27
13.5%
Korvac
12.7%
Krugarr
12.5%
Martinex
12.4%
Korath the Pursuer
11.5%
Chitauri
9.6%
Badoon
8.9%
Mainframe
6.8%
Rhomann Dey
6.6%
Aleta Ogord
6.4%
Irani Rael
3.4%

You're not logged in!

Compare scores with friends on all Sporcle quizzes.
Join for Free
OR
Log In

You Might Also Like...

Show Comments

Extras

Top Quizzes Today


Score Distribution

Your Account Isn't Verified!

In order to create a playlist on Sporcle, you need to verify the email address you used during registration. Go to your Sporcle Settings to finish the process.

Report this User

Report this user for behavior that violates our Community Guidelines.

Details: